Statistics for Countries never controlled by Europeans

Click here to take the quiz!

General Stats

  • This quiz has been taken 1,220 times
    (885 since last reset)
  • The average score is 5 of 9

Answer Stats

Answer% Correct
Japan
90%
China
83%
South Korea
68%
Thailand
65%
Bhutan
59%
Nepal
59%
Liberia
49%
Saudi Arabia
47%
Tonga
24%

Score Distribution

Percentile by Number Answered

Percent of People with Each Score

Your Score History

You have not taken this quiz since the last reset